|
|
|
|
| LEADER |
02335njm a2200589 a 4500 |
| 001 |
000201217 |
| 003 |
CZ BrMZK |
| 005 |
20120619125343.0 |
| 008 |
010907s1996 xr f cze d |
| 028 |
0 |
1 |
|a 5142-4 802
|b Supraphon Records
|
| 028 |
0 |
1 |
|a 5141-4 802
|b Supraphon Records
|
| 040 |
|
|
|a BOA001
|b cze
|
| 080 |
|
|
|a 7.096(086.7)
|2 MRF
|
| 080 |
|
|
|a 784.4(086.7)
|2 MRF
|
| 100 |
1 |
|
|a Voskovec, Jiří,
|d 1905-1981
|7 jk01150746
|4 aut
|
| 245 |
1 |
0 |
|a Voskoves plus minus Werich ;
|b Nashledanou v lepších časech
|h [zvukový záznam] /
|c Jiří Voskovec, Jan Werich ; [výběr a sestava: Jindřich Kučera]
|
| 246 |
3 |
3 |
|a Strojvůdce Příhoda
|
| 246 |
3 |
3 |
|a Voskovec minus Werich u Amerického kukátka
|
| 246 |
3 |
3 |
|a Výstup Tony Crabera...
|
| 246 |
3 |
3 |
|a Za mořem piva
|
| 246 |
3 |
3 |
|a Zejtra je den taky
|
| 246 |
3 |
3 |
|a Šůr polka
|
| 246 |
3 |
3 |
|a Úvaha a píseň o odborníku E. Moravcovi
|
| 246 |
3 |
3 |
|a Úvaha o metálech za porážku
|
| 246 |
3 |
3 |
|a Anekdoty o železnici
|
| 246 |
3 |
3 |
|a Dialog přes oceán
|
| 246 |
3 |
3 |
|a Hej rup, pukli náci
|
| 246 |
3 |
3 |
|a Hřbitov nacistů
|
| 246 |
3 |
3 |
|a K záhubě jde hoch rovnou za nosem
|
| 246 |
3 |
3 |
|a Každému z nás dal čas pár krás
|
| 246 |
3 |
3 |
|a Máme všichni války dost
|
| 246 |
3 |
3 |
|a Nashledanou v lepších časech
|
| 246 |
3 |
3 |
|a O výživnosti papíru...
|
| 246 |
3 |
3 |
|a Pochod stoprocentních mužů
|
| 246 |
3 |
3 |
|a Půl párku
|
| 246 |
3 |
3 |
|a Rozhovor s Janem Werichem 19.12.1945
|
| 260 |
|
|
|a Praha :
|b Supraphon Records,
|c p1996
|
| 300 |
|
|
|a 2 MC :
|b mono +
|e 2 slož. listy.
|
| 306 |
|
|
|a 004600
|a 005232
|
| 500 |
|
|
|a Nahr. neuv.
|
| 500 |
|
|
|a Durata [46:00, 52:32]
|
| 505 |
2 |
|
|a Pochod stoprocentních mužů, K záhubě jde hoch rovnou za nosem, Úvaha a píseň o odborníku E. Moravcovi ... [et al.]
|
| 511 |
0 |
|
|a Jiří Voskovec, zpěv; Jan Werich, zpěv
|
| 653 |
0 |
|
|a americké lidové písně
|a populární hudba
|a populární písně
|a rozhlasové pořady
|
| 700 |
1 |
|
|a Kučera, Jindřich
|7 jx20040729013
|4 com
|
| 700 |
1 |
|
|a Werich, Jan,
|d 1905-1980
|7 jk01151601
|4 aut
|
| 700 |
1 |
|
|a Just, Vladimír,
|d 1946-
|7 jk01052273
|4 wam
|
| 910 |
|
|
|a BOA001
|b KZ-0003.925
|
| 964 |
|
|
|a Hudba populární
|x MC
|
| 964 |
|
|
|a Pořady rozhlasové
|x MC
|
| 990 |
|
|
|a AV
|
| 996 |
6 |
|
|b 261H003961
|c KZ-0003.925
|l MZK
|r Sklad / do 24 hodin
|n 1
|p p.v.
|w 000201217
|u 000010
|a 1
|e BOA001
|j MZK50
|s P
|